[Event "Mitropa Cup 21st"]
[Site "Leipzig"]
[Date "2002.05.07"]
[Round "5.1"]
[White "Beliavsky, Alexander G"]
[Black "Stevic, Hrvoje"]
[Result "1-0"]
[WhiteElo "2660"]
[BlackElo "2523"]
[Annotator "Huzman"]
[PlyCount "53"]
[EventDate "2002.05.03"]
[EventType "team-tourn"]
[EventRounds "9"]
[EventCountry "GER"]
[Source "ChessBase"]
[SourceDate "2002.08.12"]
[WhiteTeam "Slovenia"]
[BlackTeam "Croatia"]
[WhiteTeamCountry "SLO"]
[BlackTeamCountry "CRO"]

1. d4 d5 2. c4 dxc4 3. Nf3 Nf6 4. Nc3 a6 5. e4 b5 6. e5 Nd5 7. a4 e6 8. axb5
Nb6 9. Be3 Bb7 10. bxa6 Rxa6 11. Rxa6 Nxa6 12. Bxc4 Nxc4 13. Qa4+ Qd7 14. Qxc4
Nb4 (14... Be7 15. O-O O-O 16. Ra1 Nb4 17. Nd2 Rd8 {1/2-1/2 Pert,N-Zalkind,K/
Witley 1999/CBM 71 ext (17)}) 15. Qb5 Qxb5 16. Nxb5 Nd3+ $2 (16... Bc6 17. Nc3
Be7 (17... Nd3+ 18. Ke2 Nxb2 19. Rb1 Nc4 20. Rb8+ $16) 18. Kd2 Kd7 19. Ra1 Rb8
$6 (19... Bxf3 $5 20. gxf3 Rb8 $14) 20. Ne1 $1 Nd5 21. Nd3 Nxc3 22. bxc3 Bxg2
23. Rg1 Be4 24. Rxg7 Bg6 25. Nf4 $16 {1-0 Balinov,I-Stevic,H/Leipzig 2002 (42)}
) 17. Kd2 Nxb2 18. Rc1 $1 Be4 (18... Bb4+ 19. Kc2 c6 20. Kxb2 cxb5 21. Rc7 Ba6
22. Ng5 $1 O-O 23. Kb3 Be1 24. Nf3 Ba5 25. Ra7 $18) (18... c6 19. Nd6+ Bxd6 20.
exd6 $18 {[%cal Gc1b1]}) 19. Nxc7+ Kd7 (19... Kd8 20. Bg5+ Be7 21. Bxe7+ Kxe7
22. Ng5 Bf5 (22... Bxg2 23. Ncxe6 fxe6 24. Rc7+ $18) 23. Nb5 Rd8 24. Nd6 $18)
20. Na6 $1 $18 f6 21. Rc7+ Kd8 (21... Ke8 22. Nc5 $18) 22. Bg5 $1 {Spectacular
and at the same time the strongest move that gives White a quick victory.} fxg5
(22... Bb4+ 23. Ke3) 23. Nxg5 Bg6 (23... Bd3 24. Nxe6+ Ke8 25. Nac5 Bf5 26. Rb7
Nc4+ 27. Kc3 Na5 28. Rc7 $18 {[%csl Ra5]}) 24. Nxe6+ Ke8 25. d5 Bf7 26. Nxf8
Bxd5 (26... Kxf8 27. e6 Be8 28. d6 $18) (26... Rxf8 27. Rc8+ Ke7 28. d6+ $18)
27. Ng6 $1 1-0

[Event "Mitropa Cup 21st"]
[Site "Leipzig"]
[Date "2002.05.07"]
[Round "5.2"]
[White "Golubovic, Boris"]
[Black "Mikhalchishin, Adrian"]
[Result "0-1"]
[WhiteElo "2462"]
[BlackElo "2535"]
[Annotator "Finkel,A"]
[PlyCount "148"]
[EventDate "2002.05.03"]
[EventType "team-tourn"]
[EventRounds "9"]
[EventCountry "GER"]
[Source "ChessBase"]
[SourceDate "2002.08.12"]
[WhiteTeam "Croatia"]
[BlackTeam "Slovenia"]
[WhiteTeamCountry "CRO"]
[BlackTeamCountry "SLO"]

1. d4 Nf6 2. Nf3 g6 3. Bg5 Bg7 4. Nbd2 d5 5. e3 c5 (5... Bf5 6. c3 (6. c4 c6 7.
Qb3 Qb6 8. cxd5 Qxb3 9. axb3 cxd5 10. Bb5+ Bd7 11. Bxd7+ Nfxd7 $11 {Guimard,
C-Malbran,G/Buenos Aires 1978}) (6. Bd3 Bxd3 7. cxd3 c6 8. O-O O-O 9. Qc2 Nh5
10. b4 f6 11. Bh4 g5 12. Bg3 g4 13. Ne1 e5 $132 {Taimanov,M-Gufeld,E/Moscow
1966}) 6... c6 7. Qb3 Qb6 8. Be2 O-O 9. O-O h6 10. Bh4 Nbd7 11. Rac1 Rfe8 $11 {
Levin,N-Gufeld,E/Ternopol 1964}) 6. dxc5 (6. Bb5+ Bd7 7. Bxd7+ (7. Qe2 Qb6 8.
Bxd7+ Nfxd7 9. Rb1 Nc6 10. c3 h6 11. Bh4 O-O $11 {Montoya Bello,F-Carbonell
Bofill,C/Valencia 1990}) 7... Nbxd7 8. O-O O-O 9. c3 Qb6 10. Rb1 Rac8 11. Re1
h6 12. Bh4 Rfe8 13. Ne5 Nxe5 14. dxe5 Nd7 15. f4 c4 $15 {Trifunovic,M-Portisch,
F/Kragujevac 1984}) (6. Be2 Nc6 7. c3 Qb6 8. Qb3 Qxb3 9. axb3 b6 10. Bb5 Bd7
11. O-O h6 12. Bf4 Nh5 13. Bxc6 Bxc6 14. Be5 f6 15. Bg3 Nxg3 16. fxg3 cxd4 17.
exd4 Kd7 $15 {Guenther,T-Kovalev,A/Berlin 1995}) 6... Qa5 7. c3 Qxc5 8. Bd3 O-O
9. O-O Nc6 10. h3 $6 {Useless move.} (10. e4 dxe4 11. Nxe4 Nxe4 12. Bxe4 Bf5
$11) 10... Bf5 $5 11. Nb3 Qd6 12. Bxf5 gxf5 13. Bxf6 Bxf6 14. Qd3 e6 15. Rad1
Rad8 16. Nbd4 (16. c4 Ne5 17. Nxe5 Qxe5 18. Nd4 dxc4 19. Qxc4 Qe4 $13) 16...
Kh8 {[%csl Rg2][%cal Gf8g8,Gg8g6,Gd8g8] Starting an attack against the white
king.} 17. Nxc6 $6 bxc6 18. Rd2 Rg8 19. c4 Rg6 20. Rc1 (20. Rfd1 Rdg8 21. Ne1
$13) 20... Rdg8 21. Ne1 f4 $1 22. e4 (22. cxd5 cxd5 23. Rdc2 f3 $17) 22... f3 {
[%cal Gf6g5] Winning an exchange.} 23. Qxf3 (23. g3 $2 Rxg3+ 24. fxg3 Qxg3+ 25.
Ng2 Qxh3 $19) 23... Bg5 24. Qc3+ f6 25. cxd5 exd5 26. exd5 Bxd2 27. Qxd2 Qxd5
28. Qxd5 cxd5 29. Kf1 {The position is probably drawish, but white still has
to play accurately.} (29. Rc5 Rd8 30. Ra5 Rg7 31. Kf1 Re7 $15) 29... f5 30. Rc5
Rd8 31. Nd3 Re6 32. g3 a6 33. b3 Rdd6 34. a4 Re7 35. b4 Kg7 36. b5 axb5 37.
Rxb5 Kf6 38. a5 d4 39. Rb4 $2 {Losing move. After correct} (39. g4 fxg4 40.
hxg4 Rg7 41. Rf5+ Ke6 42. f3 Ra7 43. Ke2 $11 {the position remains equal.})
39... Ra7 40. Ra4 Rd5 41. a6 Rd6 42. Nb4 d3 43. Ke1 Rd4 44. Kd2 h5 45. Nc6 (45.
Kc3 d2 $19) 45... Rxa4 46. Nxa7 Rxa6 47. Nb5 Ra2+ 48. Kxd3 Rxf2 49. Ke3 Ra2 50.
Nd4 Ra3+ 51. Kf4 Ra4 52. Ke3 f4+ $1 {Winning h-pawn.} 53. gxf4 Ra3+ 54. Ke4
Rxh3 55. Nf3 Rh1 56. f5 Ra1 57. Kf4 Ra4+ 58. Kg3 Rg4+ 59. Kh3 Kxf5 60. Nh4+ Kf4
61. Ng2+ Kg5 62. Ne1 h4 63. Nf3+ Kh5 64. Kh2 Re4 65. Kg2 Re2+ 66. Kg1 Kg4 67.
Nh2+ Kf4 68. Nf1 h3 69. Nh2 Rg2+ 70. Kh1 Ra2 71. Kg1 Rb2 72. Nf1 Rg2+ 73. Kh1
Rf2 74. Kg1 Kf3 0-1

[Event "Mitropa Cup 21st"]
[Site "Leipzig"]
[Date "2002.05.07"]
[Round "5.3"]
[White "Mohr, Georg"]
[Black "Kovacevic, Blazimir"]
[Result "1/2-1/2"]
[WhiteElo "2509"]
[BlackElo "2461"]
[PlyCount "54"]
[EventDate "2002.05.03"]
[EventType "team-tourn"]
[EventRounds "9"]
[EventCountry "GER"]
[Source "ChessBase"]
[SourceDate "2002.08.12"]
[WhiteTeam "Slovenia"]
[BlackTeam "Croatia"]
[WhiteTeamCountry "SLO"]
[BlackTeamCountry "CRO"]

1. Nf3 d5 2. d4 e6 3. c4 Nf6 4. Nc3 Nbd7 5. Bg5 Bb4 6. cxd5 exd5 7. e3 c5 8.
Bd3 c4 9. Bf5 Nb6 10. Bc2 Bg4 11. h3 Bh5 12. Ba4+ Kf8 13. g4 Bg6 14. Ne5 Nxa4
15. Qxa4 Qa5 16. Qxa5 Bxa5 17. f3 h6 18. Bh4 Bh7 19. Ke2 Bxc3 20. bxc3 g5 21.
Bg3 Rd8 22. h4 Kg7 23. Rh3 Nd7 24. hxg5 hxg5 25. Kd2 f6 26. Nxd7 Rxd7 27. Rah1
Rdd8 1/2-1/2

[Event "Mitropa Cup 21st"]
[Site "Leipzig"]
[Date "2002.05.07"]
[Round "5.4"]
[White "Brumen, Dinko"]
[Black "Grosar, Aljosa"]
[Result "0-1"]
[WhiteElo "2408"]
[BlackElo "2470"]
[PlyCount "62"]
[EventDate "2002.05.03"]
[EventType "team-tourn"]
[EventRounds "9"]
[EventCountry "GER"]
[Source "ChessBase"]
[SourceDate "2002.08.12"]
[WhiteTeam "Croatia"]
[BlackTeam "Slovenia"]
[WhiteTeamCountry "CRO"]
[BlackTeamCountry "SLO"]

1. d4 Nf6 2. Nf3 b5 3. Bg5 Bb7 4. e3 a6 5. c4 bxc4 6. Bxc4 e6 7. Nc3 Be7 8. O-O
O-O 9. Qe2 d5 10. Bd3 Nbd7 11. Na4 h6 12. Bh4 Ne4 13. Bxe7 Qxe7 14. Rfc1 c5 15.
Bxe4 dxe4 16. Nd2 cxd4 17. exd4 Qd6 18. Nc5 Nxc5 19. dxc5 Qd5 20. b4 Bc6 21.
Nc4 Rab8 22. Ne3 Qd3 23. Qb2 Ba4 24. Nc4 Rfd8 25. a3 f6 26. h3 Kh7 27. Rc3 Qd4
28. Nb6 Bc6 29. a4 f5 30. Raa3 e3 31. Rc2 Qd1+ 0-1

[Event "Mitropa Cup 21st"]
[Site "Leipzig"]
[Date "2002.05.07"]
[Round "5.1"]
[White "Gross, David"]
[Black "Lutz, Christopher"]
[Result "1/2-1/2"]
[WhiteElo "2472"]
[BlackElo "2644"]
[Annotator "Ribli"]
[PlyCount "67"]
[EventDate "2002.05.03"]
[EventType "team-tourn"]
[EventRounds "9"]
[EventCountry "GER"]
[Source "ChessBase"]
[SourceDate "2002.08.12"]
[WhiteTeam "Czech Republic"]
[BlackTeam "Germany"]
[WhiteTeamCountry "CZE"]
[BlackTeamCountry "GER"]

1. e4 c5 2. Nf3 e6 3. d4 cxd4 4. Nxd4 Nc6 5. Nc3 Qc7 6. f4 {Diese Fortsetzung
trifft man nur selten in der Turnierpraxis an.} Nxd4 {Die Alternative wäre 6...
a6, aber in diesem Fall kann Weiß von sich aus mit 7.Nxc6 die Springer
tauschen. Die Idee des Textzuges ist gerade, dass die weiße Dame auf d4
exponiert steht.} 7. Qxd4 a6 8. Be3 (8. Bd3 b5 9. Bd2 Nf6 10. b4 Bb7 11. O-O
Be7 12. a4 bxa4 13. Rxa4 Qc6 14. Qf2 O-O 15. Kh1 d5 {1/2-1/2 Galliamova,A-Bar,
R/Moscow RUS 2002/(30)}) 8... b5 9. O-O-O Bb7 10. Bd3 {Die hier übliche
Fortsetzung lautet 10.Be2.} (10. e5 Rc8 11. Bd3 Ne7 12. Ne4 Nf5 13. Qb6 Be7 14.
g4 d5 15. Nf6+ gxf6 16. gxf5 d4 17. Qxc7 Rxc7 18. Bxd4 Bxh1 19. exf6 Bd6 20.
Rxh1 Bxf4+ 21. Kb1 e5 {0-1 Ulibin,M-Lautier,J/Tilburg 1992/CBM 32 (51)}) (10.
Kb1 Rc8 (10... Nf6 11. e5 Nd5 12. Nxd5 Bxd5 13. f5 Rc8 14. Bd3 Qa5 15. b3 Bc5
16. Qf4 Bxe3 17. Qxe3 exf5 18. Bxf5 Be6 19. Bd3 Qb4 {1/2-1/2 Zlatic,
M-Zafirovski,M/Niska Banja 1996/EXT 2002 (25)}) 11. Rd2 Nf6 12. e5 Nd5 13. Nxd5
Bxd5 14. Qb6 Qxb6 15. Bxb6 Bc5 16. Bxc5 Rxc5 17. Bd3 Ke7 18. Re1 {1-0 Martinez,
C-Marques,V/Sao Paulo 1998/EXT 99 (32)}) 10... Rc8 11. Rhe1 (11. Kb1 Nf6 (11...
d6 12. Rd2 Nf6 13. Rhd1 Be7 14. e5 dxe5 15. fxe5 Nd5 16. Ne4 O-O 17. Bg5 Rcd8
18. Bxe7 Nxe7 19. Nd6 {1-0 Edelman,D-Fancsy,I/Budapest 1996/EXT 98 (43)}) 12.
Rhe1 Be7 13. e5 Nd5 14. Nxd5 Bxd5 15. f5 g6 16. f6 Bc5 17. Qh4 Bxe3 18. Rxe3
Qc5 19. Re2 {1-0 Fogarasi,T-Spassov,L/Budapest 2001/CBM 84 ext (44)}) 11... Ne7
{[%cal Ge7c6,Ge7g6] Hier scheitert die "kleine Kombination" 12.Bxb5 axb5 13.
Nxb5 an 13...Qxc2#. - Der schwarze Springer kann sich nun nach c6 oder nach g6
entwickeln.} (11... Nf6 $5 12. e5 Nd5 $11 (12... Ng4 $2 13. Bg1 $16 {[%csl Rg4]
})) 12. Qb6 (12. Kb1) 12... Qxb6 13. Bxb6 Ng6 (13... d5 $2 14. exd5 Nxd5 15.
Nxd5 Bxd5 16. Bxb5+ $16) 14. g3 Bb4 $11 {[%cal Gb4e1] Weiß hat Raumvorteil und
Entwicklungsvorsprung, aber die schwarze Stellung ist solide.} (14... Bc5 $6
15. Bxc5 Rxc5 16. e5 $16 {[%csl Yd6,Rg6][%cal Gc3e4,Ge4d6]}) 15. h4 (15. Bd4 e5
$5 (15... O-O) 16. fxe5 O-O $11) 15... f6 (15... Bxc3 16. bxc3 d6 $11 (16...
Rxc3 $2 17. Bd4 $16 {[%cal Rd4c3,Rd4h8]})) (15... d6 $11) 16. h5 Ne7 17. h6 g6
(17... gxh6 {Auf diese Weise könnte Schwarz einen Bauern gewinnen,
gleichzeitig würde das aber auf ewig seine Bauernstruktur schwächen.}) 18. g4
Rf8 (18... e5 $5) 19. Re3 Bxc3 20. bxc3 e5 21. Rf1 (21. fxe5 fxe5 $15 {[%cal
Gf8f1]}) 21... Rc6 22. Ba5 {Der Bb6 muss sich mit einem bescheidenen Feld
begnügen - 22.Ba7 wäre zu optimistisch.} (22. Ba7) 22... exf4 23. Rxf4 Re6 {
[%csl Ye5,Ge6][%cal Ge7c6,Gc6e5] Der Turm steht sehr gut auf e6. Zudem hat er
damit das Feld c6 geräumt, sodass der Springer über c6 nach e5 gelangen kann.}
24. Bb4 {[%cal Gb4f8]} Rf7 25. c4 {Es ist verständlich, dass sich Weiß seines
Doppelbauern entledigen möchte.} Nc6 (25... bxc4 26. Bxc4 Nd5 (26... d5 $6 27.
Bb3 $36) 27. Bxd5 Bxd5 $11) 26. Bd2 (26. Bc3) 26... Ne5 {[%csl Ge5]} 27. cxb5
Nxd3+ 28. cxd3 (28. Rxd3 Bxe4 29. Re3 (29. Rb3 axb5 30. Rxb5 d5 $11) 29... d5
$15) 28... axb5 29. Ref3 d5 {Dieser Zug führt zu Vereinfachungen und
schließlich zum Remis.} 30. Bc3 dxe4 31. dxe4 Bxe4 32. Rxf6 Rfxf6 (32... Bxf3
33. Rxe6+ Kd7 34. Re5 $11) 33. Rxf6 Rxf6 34. Bxf6 {Die Stellung ist Totremis.}
1/2-1/2

[Event "Mitropa Cup 21st"]
[Site "Leipzig"]
[Date "2002.05.07"]
[Round "5.2"]
[White "Graf, Alexander"]
[Black "Cvek, Robert"]
[Result "1-0"]
[WhiteElo "2623"]
[BlackElo "2430"]
[Annotator "Wells,P"]
[PlyCount "77"]
[EventDate "2002.05.03"]
[EventType "team-tourn"]
[EventRounds "9"]
[EventCountry "GER"]
[Source "ChessBase"]
[SourceDate "2002.08.12"]
[WhiteTeam "Germany"]
[BlackTeam "Czech Republic"]
[WhiteTeamCountry "GER"]
[BlackTeamCountry "CZE"]

1. d4 Nf6 2. c4 e6 3. Nc3 Bb4 4. e3 b6 5. Nge2 Ba6 6. Ng3 Bxc3+ 7. bxc3 d5 8.
Ba3 $1 {I have long thought this to white's single most dangerous system
against 5...Ba6, on a bad day perhaps even an argument against the line. Black,
denied the right to castle, is pretty much obliged to take solace in a pawn.
As far as I can judge theory's verdict, it is that white has rather good
compensation in the game continuation, and reasonable compensation in the
analagous positions with 8...Bxc4, although that move may be rather sounder
for black (its drawback in turn being that white may head for a slight
advantage and a fairly fun-free ending from black's viewpoint.) Certainly
though 8...dxc4 is a fairly rare bird these days.} dxc4 {As I indicated above
this more ambitious pawn grab is not in fashion. I can only find 6 games since
1975(!). However, quite apart from the virtue of preventing white from opting
for a safe and quiet life ( the text actually wins a pawn which is not easy to
recover ) not all the comparisions between the two pawn sacs indicate that
black is necessarily better off ensuring the exchange of light-squared bishops.
For a start, the alternative} (8... Bxc4 $5 {in a sense loses a tempo by
exchanging a developed piece for one sitting at home.} 9. Bxc4 dxc4 10. e4 $5 (
10. Qa4+ Qd7 11. Qxc4 Qc6 12. Qxc6+ Nxc6 13. Rc1 (13. c4 {nothing wrong with
this move order, but it looks to me on the evidence of} O-O-O 14. Ke2 Kb7 15.
f3 Rd7 16. h4 Rhd8 17. Rhd1 Na5 18. Rac1 c5 19. Bb2 cxd4 20. Bxd4 Ne8 {Gulko,B
(2644)-Rechlis,G (2507) Oz.com qual blitz 2000 (8) 1-0 that Rc1 is a useful
move to throw in at some point. I can't believe that white has too much here.})
13... O-O-O 14. c4 Kb7 15. Ke2 Rd7 16. f3 Rhd8 17. Bb2 Ne8 18. Ne4 h6 19. g4 $1
Na5 20. c5 Nc6 21. Rhd1 Nf6 22. Nxf6 gxf6 23. d5 $1 Rxd5 24. Bxf6 Rg8 (24...
Rxd1 25. Rxd1 Rxd1 26. Kxd1 bxc5 27. Bg7 $18) 25. e4 Rxd1 26. Rxd1 h5 27. h3
Rg6 28. g5 Kc8 29. cxb6 axb6 30. Kf2 $16 {[%csl Yf6,Rg6,Rh5] 0-1 Timman,
J-Kortschnoj,V/Dortmund 1994/CBM 42 (46) although black won after a nasty
accident. In general, the ending offers white an edge, although nothing very
tangible, but black victories should be rare.}) (10. O-O Qd7 {often transposes
to a), but white can also try to prevent black's ...Qb5 based reorganisation
of his forces with} 11. Rb1 $5 h5 12. h4 Qc6 13. e4 Nbd7 14. d5 $1 Qb7 $6 {for
better or worse, black should probably grab a second pawn for his pains, or
find an alternative at an earlier stage.} (14... exd5 15. exd5 Qxd5 16. Re1+
Kd8 17. Qa4 Re8 18. Red1 Qe6 19. Rb2 $1 {[%cal Yb2e2,Gb2d2] - Psakhis, and
white's compensation looks pretty fierce. I wouldn't touch this with black!})
15. dxe6 fxe6 16. Qa4 O-O-O 17. Qxc4 $16 {[%csl Rb7,Re6];Lautier,J (2630)
-Nikolic,P (2655) Hoogovens Wijk aan Zee 1997 (8) 1-0}) 10... Qd7 11. O-O Qb5
12. Rb1 $6 {Some of my prejudices against this line for black relate to an
unpleasant teenage experience! In about 1983 I played black in a simultaneous
game against Gary Kasparov, and was really torn apart in this line. I have to
admit that I can find no record of the game, but the outline of his plan is
indelibly marked in my psyche. In essence he continued} (12. Qc2 $1 {[%cal
Gf1b1,Ga3c1,Gc1g5,Gg3f1,Yf2f3,Ya2a4,Ya4a5] with ( in essence ) the following
re-organisation, and although I did not play well ( I pushed my king-side
pawns but failed to create any real targets ) I had the feeling that black's
task in creating counter-chances is not a very easy one. This plan was quite
similar to that from the main game here, only with the extra exchange of
light-squared bishops.}) 12... Qa6 13. Qc1 Nbd7 14. Rd1 O-O-O 15. f3 Rhe8 16.
Nf1 Nb8 17. Ne3 Nc6 18. Rd2 Qa4 19. Bb4 {The bishop is awkward here, and black
gains tempo just as much as he weakens. Another reason I am sympathetic to the
retreat to c1 I outlined in the last note.} a5 20. Ba3 Rd7 21. Bb2 Red8 22. Ba1
$5 {[%csl Ra1,Gc4][%cal Gd2a2,Yc1f1,Yf1c4] It looks hard to believe that black
is not very comfortable here, but if white has an entirely free hand to
implement his plan, he can still cause problems. The fact that white's
position still seems fine after some rather strange manouevering reinforces my
suspicions about black's basic set-up.} b5 (22... Nh5 23. Qf1 Ne5 24. g3 Nd3
25. Nxc4 Qxc4 26. Rxd3 f5 $13) 23. Qc2 (23. Rdb2 $5) 23... Qxc2 24. Rxc2 Na7
25. a4 c6 26. Ra2 Rb7 27. axb5 cxb5 28. Rxa5 Kc7 29. Nc2 Rdb8 30. Na3 Ne8 31.
Ra6 Nc6 32. Nc2 Rb6 $11 33. Rxb6 Kxb6 34. Bb2 Na5 35. Bc1 Nb3 36. Be3 Ra8 37.
d5+ Kc7 38. Nd4 Nxd4 39. Bxd4 exd5 40. Rxb5 dxe4 41. fxe4 Nd6 42. Re5 Kd7 43.
Rd5 Kc6 44. Re5 Kd7 45. Rd5 {Epishin,V (2606)-Berg,E (2514) Sigeman & Co
Malmoe SWE 2002 (3) 1/2-1/2}) 9. e4 ({This move is not compulsory. White can
also try to embarrass black first on the long diagonal, although the balance
of play on the light squares is up for debate.} 9. Be2 $5 Qd7 10. Bf3 Nd5 (
10... Nc6 11. O-O $1 (11. Qa4 Bb7 12. Qxc4 Na5 $11) 11... O-O-O 12. e4 Ne7 13.
Bxe7 Qxe7 14. Qa4 Kb7 15. e5+ Nd5 16. Ne4 c6 17. Rfb1 Bb5 18. Rxb5 $1 cxb5 19.
Qxb5 a6 20. Qxc4 Ka7 21. Qb3 Qc7 22. c4 Ne7 23. Nd6 Nf5 24. Nb5+ $1 {1-0 Knaak,
R-Meissner,H/Stralsund 1975/EXT 2000 (24) was an excellent illustration of
white's attacking potential.}) 11. Qc2 Nc6 12. O-O O-O-O 13. Rfc1 g5 $5 14. Ne4
g4 15. Be2 f5 16. Nd2 Na5 17. Bb4 Qc6 (17... Nc6 18. Nxc4 Bb7 $5 $13 {[%cal
Gb7g2]}) 18. Qd1 (18. Bxa5 $5 $44) 18... f4 $1 19. e4 Nxb4 20. cxb4 Rxd4 21.
Qc2 Qd6 22. Qb2 Rd8 23. Nf1 f3 24. gxf3 gxf3 25. Bxf3 Nc6 $17 {2:22-1:59. 0-1
Ornstein,A-Hecht,H/Eksjo 1975/EXT 2001 (30)}) 9... Qd7 10. Be2 Nc6 11. O-O
O-O-O 12. Qc2 h5 13. Rfd1 Ne7 {Black has quite a wide choice here. In
particular this knight can go in quite a range of directions in a bid to build
counterplay here. In fact I suspect white has quite good chances in all cases,
but practical results have been mixed.} (13... h4 14. Nf1 Na5 $5 {It seems to
me that this has some logic. Since it is always problematic creating
counterchances on the king-side, there is some logic for utilising the asset
that the recapture of the c4 pawn seems to be a little more tricky with the
respective light-squared bishops on the board.} (14... Nh5 15. d5 $1 Ne5 16.
dxe6 Qe8 (16... Qxe6 17. Rxd8+ Kxd8 18. Bxh5 Rxh5 19. Qd1+ $18) 17. Rxd8+ Qxd8
18. Bxh5 Rxh5 19. f4 $16 Nd3 20. exf7 c5 21. Qe2 Rh8 22. e5 Kb8 23. e6 Qf6 24.
Re1 Bb5 25. Bxc5 $1 bxc5 26. Rb1 a6 27. a4 Nxf4 28. Qf3 (28. Qe4 $5) (28. Qxc4
$5) 28... Nxe6 29. Qxf6 gxf6 30. axb5 axb5 31. Rxb5+ Kc7 32. Ne3 Rf8 33. Ra5
Kb7 34. Nxc4 Rxf7 35. Rxc5 Nxc5 36. Nd6+ Kc6 37. Nxf7 Ne4 38. Nh6 Kd5 39. Nf5
h3 {1/2-1/2 Portisch,L-Fischer,R/Siegen 1970/EXT 2002 (39)}) 15. Bb4 Qc6 (15...
Nc6 {looks better.}) 16. f3 (16. Bxa5 $5 bxa5 17. Bf3 {looks interesting too.})
16... Nh5 17. Ne3 (17. Bxa5 $5) 17... Nf4 18. Bf1 Rh5 $1 $13 {1/2-1/2 Najdorf,
M-Donner,J/Wijk aan Zee 1971/MCL/(51)}) (13... Nb8 14. Bc1 h4 (14... Qc6 $5 15.
h4 $5) 15. Nf1 Qc6 16. Bf3 Bb7 17. Bg5 Rdg8 18. d5 (18. Nd2 $5) 18... Qd6 19.
Nd2 Qe5 20. Bxf6 gxf6 21. Nxc4 Qf4 22. Qe2 Ba6 23. Qe3 Qxe3 24. Nxe3 $14 {1-0
Gligoric,S-Cosulich,R/Venice 1971/EXT 99 (61)}) 14. Bc1 Rdg8 15. Nf1 $1 $146 {
looks more to the point than} (15. a4 h4 16. Nf1 Qc6 17. Bf3 g5 18. d5 Qd7 19.
d6 Nc6 20. Ba3 Ne5 21. dxc7 Qxc7 22. Bd6 Nxf3+ 23. gxf3 Qc6 {0-1 Galicek,
S-Vesselovsky,S/Plzen 2001/EXT 2002 (53) and things had already gone horribly
wrong for white. Graf is trying to effect an organisation not dissimilar to
that which I outlined from Kasparov above. The move f3 is generally a more
efficient and solid defence of the e-pawn than Bf3.}) 15... g5 16. Ne3 Bb7 17.
f3 g4 18. Nxc4 Qe8 (18... gxf3 19. Bxf3 {achieves nothing special. Black tries
to make waves against white's very solid king-side by attacking the pawn chain
from the very base, namely ...h4-h3.}) 19. Rf1 h4 {[%cal Gh4h3,Gh3g2,Gg4f3,
Gb7g2]} 20. Bd3 $14 gxf3 (20... h3 {The thematic undermining is rather similar
to the text. Perhaps ironically there is more of a target from leaving the g
pawn on g2.} 21. g3 gxf3 22. Rxf3 Ng4 $1 {[%cal Gf7f5] and black can still
aspire to some light-square thoughts.} (22... Nf5 23. a4 $5 (23. Nd2 Nh5 $132)
23... Ng4 (23... Nh5 24. Qf2) (23... Rg4 24. Bf4 Nh5 25. Ne5 Nh4 26. Rf2) 24.
Bf4 $16)) 21. Rxf3 Nh5 22. Ba3 (22. a4 $5 {seems a more flexible attempt to
distract black from his aggressive intentions.}) 22... f5 23. Re1 Nf6 {[%cal
Gb7g2,Gg8g2] Having expressed my scepticism about the king-side attack
strategy, I have to say that the focussed concentration of black's forces is
quite impressive.} 24. Nd2 Rg7 25. Re2 Kb8 26. exf5 $5 Bxf3 27. Nxf3 Ned5 (
27... exf5 {looks better. It is difficult to prove a clear advantage for white
here eg.} 28. Bxf5 Nfd5 29. Bxe7 Nxe7 30. Ne5 Qh5 31. Be6) 28. Rxe6 Qh5 29. Ne5
Nf4 $2 (29... Rhg8 30. Ng6 $16) 30. Rxf6 $1 Rxg2+ 31. Qxg2 Nxg2 32. Kxg2 Qd1
33. Kh3 Qd2 34. Rf8+ $1 {The queen will be no match for three pieces and the
f-pawn. White's king finds shelter with great ease.} Rxf8 35. Bxf8 Qxc3 36. f6
Kb7 37. f7 Qxd4 38. Bg7 Qe3+ 39. Kxh4 1-0